Verdes sueños (Record no. 26668)

MARC details
000 -LEADER
campo de control de longitud fija 01330nac a22002657a 4500
003 - IDENTIFICADOR DE NÚMERO DE CONTROL
campo de control Co-PeBPM
005 - FECHA Y HORA DE LA ÚLTIMA TRANSACCIÓN
campo de control 20240325223234.0
007 - CAMPO FIJO DE DESCRIPCIÓN FÍSICA--INFORMACIÓN GENERAL
campo de control de longitud fija ta
008 - DATOS DE LONGITUD FIJA--INFORMACIÓN GENERAL
campo de control de longitud fija 240325s2023 |||||||| |||| 00| 0 spa d
020 ## - NÚMERO INTERNACIONAL ESTÁNDAR DEL LIBRO
Número Internacional Estándar del Libro 9786289561531
040 ## - FUENTE DE CATALOGACIÓN
Centro catalogador/agencia de origen Co-PeBPM
Lengua de catalogación spa
Centro/agencia transcriptor Co-PeBPM
Normas de descripción rda
041 ## - CÓDIGO DE IDIOMA
Código de lengua del texto/banda sonora o título independiente spa
082 04 - NÚMERO DE LA CLASIFICACIÓN DECIMAL DEWEY
Número de clasificación Co863 C133v
Número de edición 22
100 1# - ENTRADA PRINCIPAL--NOMBRE DE PERSONA
Nombre de persona Caicedo J., Cecilia
Término indicativo de función/relación autora
245 10 - MENCIÓN DEL TÍTULO
Título Verdes sueños
Resto del título : novela
Mención de responsabilidad, etc. / Cecilia Caicedo J.
250 ## - MENCION DE EDICION
Mención de edición Cuarta edición
260 ## - PUBLICACIÓN, DISTRIBUCIÓN, ETC.
Lugar de publicación, distribución, etc. Pereira
Nombre del editor, distribuidor, etc. : Klepsidra Editores,
Fecha de publicación, distribución, etc. 2023
300 ## - DESCRIPCIÓN FÍSICA
Extensión 182 páginas
Dimensiones 21 centímetros
500 ## - NOTA GENERAL
Nota general Contiene datos biográficos de la autora en la solapa del texto
520 ## - RESUMEN, ETC.
Sumario, etc. Es una novela histórica. Y más que histórica, o mejor que histórica, es la novela de una ciudad. La autora no se vale de ningún artificio, no lo necesita, para llevarnos de la mano por la historia de su ciudad, narrada como un cuento, que nace de unas hostias por los gusanos, y que en su crianza combina la fe religiosa, la creencia ciega y devota, el amor por los Reyes remotos a quienes se les debe obediencia y lealtad imprescriptibles, con el cultivo de las letras, y la aparición de dos hombres excepcionales...
546 ## - NOTA DE IDIOMA
Nota de lengua/lenguaje Aporte Kepsidra Editores, Noviembre de 2023
650 10 - PUNTO DE ACCESO ADICIONAL DE MATERIA--TÉRMINO DE MATERIA
Término de materia o nombre geográfico como elemento de entrada Literatura colombiana
Fuente del encabezamiento o término Lemb
650 10 - PUNTO DE ACCESO ADICIONAL DE MATERIA--TÉRMINO DE MATERIA
Término de materia o nombre geográfico como elemento de entrada Novela colombiana
Fuente del encabezamiento o término Lemb
942 ## - ELEMENTOS DE ENTRADA SECUNDARIOS (KOHA)
Fuente del sistema de clasificación o colocación Clasificación Decimal Dewey
Tipo de ítem Koha Libros
Suprimir en OPAC No
Holdings
Estatus retirado Estado de pérdida Fuente del sistema de clasificación o colocación Estado de daño No para préstamo Biblioteca de origen Biblioteca actual Fecha de adquisición Total de préstamos Total de renovaciones Signatura topográfica completa Código de barras Fecha de vencimiento Visto por última vez Fecha del último préstamo Copia número Precio de reemplazo Tipo de ítem Koha
    Clasificación Decimal Dewey     BIBLIOTECA PÚBLICA MUNICIPAL RAMON CORREA MEJIA BIBLIOTECA PÚBLICA MUNICIPAL RAMON CORREA MEJIA 25/03/2024 2 1 Co863 C133v 49637 23/04/2026 08/04/2026 08/04/2026 Ej.1 25/03/2024 Libros

Powered by Koha